| 000 | 00419nam a2200157 i 4500 | ||
|---|---|---|---|
| 001 | 84385 | ||
| 003 | ES-MaACL | ||
| 005 | 20230906175015.0 | ||
| 007 | t| | ||
| 008 | 041122s1915 fr ||||1| fre d | ||
| 100 | 1 |
_aJammes, Francis. _965987 |
|
| 245 | 1 | 0 |
_aCinq prières pour le temps de la guerre / _cFrancis Jammes. |
| 260 |
_aParis : _b[s.n.], _c1915. |
||
| 300 |
_a61 p. ; _c15 cm. |
||
| 852 |
_aES-MaACL _j1483-F-19 |
||
| 999 |
_c84385 _d84385 |
||